Hero Cities of Soviet Union - Statistics

General Stats
  • This quiz has been taken 910 times
  • The average score is 7 of 13
Answer Stats
Answer % Correct
St. Petersburg
98%
Moscow
96%
Volgograd
95%
Kiev
86%
Minsk
81%
Odessa
58%
Sevastopol
49%
Smolensk
41%
Brest Fortress
31%
Murmansk
28%
Tula
22%
Kerch
13%
Novorossiysk
9%
No matching quizzes found
Score Distribution
Percent of People with Each Score
Percentile by Number Answered
Your Score History
You have not taken this quiz